[Event "44th Rilton Cup 2014-15"]
[Site "Stockholm SWE"]
[Date "2015.01.03"]
[Round "7.17"]
[White "Westerberg, Jonathan"]
[Black "Cederstam Barsk, Carl"]
[Result "1-0"]
[WhiteTitle "IM"]
[BlackTitle "FM"]
[WhiteElo "2411"]
[BlackElo "2317"]
[WhiteFideId "1701754"]
[BlackFideId "1713329"]
[EventDate "2014.12.27"]

1. e4 c6 2. d4 d5 3. exd5 cxd5 4. Bd3 Nc6 5. c3 Qc7 6. h3 Nf6 7. Nf3 g6 8. Qc2
Bg7 9. O-O O-O 10. Re1 Nh5 11. Qe2 Bd7 12. Ne5 Rae8 13. g4 Nf6 14. Bf4 Qb6 15.
Na3 Bc8 16. Nb5 Nxe5 17. Bxe5 Ne4 18. Bc7 Qc6 19. Bh2 f5 20. Nxa7 Qb6 21. Nxc8
Rxc8 22. gxf5 gxf5 23. Kh1 e5 24. Rg1 Qh6 25. f3 Qxh3 26. Qg2 Qxg2+ 27. Rxg2 Rc6
28. fxe4 dxe4 29. Bxe5 Rf7 30. Bc2 Kh8 31. Bb3 Rh6+ 32. Kg1 Re7 33. Rf1 Rg6 34.
Rxf5 Bxe5 35. Rxe5 Rxe5 36. dxe5 e3 37. Rxg6 e2 38. Rg8# 1-0

[Event "44th Rilton Cup 2014-15"]
[Site "Stockholm SWE"]
[Date "2015.01.03"]
[Round "7.18"]
[White "Olund, Joar"]
[Black "Sjodahl, Pontus"]
[Result "1/2-1/2"]
[WhiteTitle "FM"]
[BlackTitle "IM"]
[WhiteElo "2291"]
[BlackElo "2421"]
[WhiteFideId "1714848"]
[BlackFideId "1700537"]
[EventDate "2014.12.27"]

1. Nf3 Nf6 2. g3 d5 3. Bg2 c6 4. O-O Bg4 5. d3 Nbd7 6. Nbd2 e5 7. e4 Bd6 8. h3
Bh5 9. Qe1 O-O 10. Nh4 Re8 11. Nf5 Bf8 12. Nb3 a5 13. a4 Nc5 14. Nxc5 Bxc5 15.
Be3 Bb4 16. c3 Bf8 17. f3 Nd7 18. Qf2 f6 19. exd5 cxd5 20. f4 Bf7 21. fxe5 Nxe5
22. Rad1 Qd7 23. Bc5 Bxc5 24. Qxc5 Ra6 25. c4 Qxa4 26. Bxd5 Qd7 27. d4 Ng6 28.
Rfe1 Rxe1+ 29. Rxe1 Bxd5 30. Qxd5+ Qxd5 31. cxd5 Ra8 32. Rc1 Rd8 33. Rc5 Kf8 34.
d6 Kf7 35. Rxa5 Nf8 36. Rb5 Rd7 37. Ne3 Ne6 38. Rb4 Ng5 39. Nc4 Nxh3+ 40. Kg2
Ng5 41. Na5 Rxd6 42. Nxb7 Rd5 43. Nc5 h5 44. Kf2 Kg6 45. Rc4 Kf5 46. b4 Ne4+ 47.
Ke3 Nd6 48. Rc1 Kg4 49. Ne6 Nf5+ 50. Kd3 Rb5 51. Rf1 g5 52. Kc4 Nd6+ 53. Kb3 f5
54. Ra1 Ne4 55. Kc4 Rb6 56. Nc5 Nd2+ 57. Kd3 Nf3 58. Kc4 Kxg3 59. b5 g4 60. Ra6
Rb8 61. b6 h4 62. Nd7 Rd8 63. b7 Nxd4 64. Ra8 Nc6 65. Rxd8 Na5+ 66. Kd3 Nxb7 67.
Rh8 h3 68. Nf6 Nc5+ 69. Ke2 Kg2 70. Nd5 h2 71. Ne3+ Kg1 72. Nxf5 h1=Q 73. Rxh1+
Kxh1 74. Ne3 g3 75. Kf3 g2 76. Nxg2 Ne4 1/2-1/2

[Event "44th Rilton Cup 2014-15"]
[Site "Stockholm SWE"]
[Date "2015.01.03"]
[Round "7.19"]
[White "Vandenbussche, Thibaut"]
[Black "Lissang, Christopher"]
[Result "1/2-1/2"]
[WhiteTitle "FM"]
[WhiteElo "2418"]
[BlackElo "2273"]
[WhiteFideId "204412"]
[BlackFideId "1709615"]
[EventDate "2014.12.27"]

1. e4 c5 2. Nf3 e6 3. d4 cxd4 4. Nxd4 Nf6 5. Nc3 Nc6 6. Nxc6 bxc6 7. e5 Nd5 8.
Ne4 f5 9. exf6 Nxf6 10. Nd6+ Bxd6 11. Qxd6 Ba6 12. c4 Qb6 13. Qa3 c5 14. Be3 Rc8
15. Be2 O-O 16. Qb3 d5 17. Qxb6 axb6 18. b3 d4 19. Bg5 Ne4 20. Bh4 Nc3 21. Bg4
Rce8 22. O-O b5 23. Rfe1 e5 24. cxb5 Bxb5 25. Bg5 e4 26. a4 Ba6 27. Bd2 Nd5 28.
Bd7 e3 29. fxe3 dxe3 30. Ba5 Re5 31. Bb5 Bxb5 32. axb5 Rb8 33. b6 Nxb6 34. Bc3
Re7 35. Rad1 c4 36. bxc4 Nxc4 37. Rd4 Na3 38. Bb4 Nc2 39. Bxe7 Nxe1 40. Rd8+
Rxd8 41. Bxd8 e2 42. Kf2 Nxg2 43. Kxe2 Nf4+ 44. Kf3 Ne6 45. Bb6 Kf7 46. Ke4 Kf6
47. Be3 g5 48. Kf3 Kf5 49. Ba7 h5 50. Bb8 Nc5 51. Bc7 Ne4 52. Kg2 Kg4 53. Bb8
Nc3 54. Be5 Nd5 55. Bd6 Nf4+ 56. Kf2 Nd5 57. Kg2 Nf6 58. Bc7 Ne4 59. Bd8 h4 60.
h3+ Kf4 61. Bc7+ Kf5 62. Kh2 Nc5 63. Bd8 Ne6 64. Be7 Kf4 65. Kg2 Ke4 66. Bf6 Kf4
67. Be7 Nd4 68. Bd6+ Kf5 69. Kf2 g4 70. hxg4+ Kxg4 71. Kg2 h3+ 72. Kg1 Nf3+ 73.
Kh1 h2 74. Bxh2 Nxh2 1/2-1/2

[Event "44th Rilton Cup 2014-15"]
[Site "Stockholm SWE"]
[Date "2015.01.03"]
[Round "7.20"]
[White "Pettersson, Anders1"]
[Black "Habu, Yoshiharu"]
[Result "1-0"]
[WhiteTitle "FM"]
[BlackTitle "FM"]
[WhiteElo "2280"]
[BlackElo "2415"]
[WhiteFideId "1709771"]
[BlackFideId "7000537"]
[EventDate "2014.12.27"]

1. d4 d5 2. c4 e6 3. Nf3 Nf6 4. Nc3 c6 5. Bg5 h6 6. Bh4 dxc4 7. e4 g5 8. Bg3 b5
9. Be2 Bb7 10. h4 g4 11. Ne5 Nbd7 12. O-O Rg8 13. Qc2 Nxe5 14. Bxe5 Nd7 15. Bg3
a6 16. Rfd1 c5 17. e5 cxd4 18. Rxd4 Bc5 19. Rxg4 Rxg4 20. Bxg4 Qc7 21. Qh7 Nf8
22. Qxh6 O-O-O 23. Rd1 Nd7 24. Qg7 f5 25. Bxf5 exf5 26. e6 f4 27. Rxd7 Rxd7 28.
exd7+ Qxd7 29. Qxd7+ Kxd7 30. Bxf4 b4 31. Nd1 Be4 32. Bc1 a5 33. Kf1 Bd4 34. a3
Bc2 35. Ke1 Bxd1 36. Kxd1 Bxf2 37. Bg5 Bg3 38. a4 Ke6 39. h5 Be5 40. Kc1 Kf5 41.
Bd8 b3 42. Bxa5 Kg5 43. Bc3 Bc7 44. g4 1-0

[Event "44th Rilton Cup 2014-15"]
[Site "Stockholm SWE"]
[Date "2015.01.03"]
[Round "7.21"]
[White "Norlin, Egor"]
[Black "Wallace, John Paul"]
[Result "0-1"]
[BlackTitle "IM"]
[WhiteElo "2186"]
[BlackElo "2404"]
[WhiteFideId "1713973"]
[BlackFideId "3200957"]
[EventDate "2014.12.27"]

1. d4 Nf6 2. c4 g6 3. Nc3 Bg7 4. e4 d6 5. Nf3 O-O 6. Be2 Na6 7. O-O e5 8. Re1
exd4 9. Nxd4 Re8 10. f3 c6 11. Kh1 Nh5 12. g4 Qh4 13. gxh5 Be5 14. f4 Bxd4 15.
Bf3 Nc5 16. Re2 Bxc3 17. bxc3 Bg4 18. Rg2 Bxf3 19. Qxf3 Qe1+ 20. Rg1 Qxe4 0-1

[Event "44th Rilton Cup 2014-15"]
[Site "Stockholm SWE"]
[Date "2015.01.03"]
[Round "7.22"]
[White "Martynov, Pavel2"]
[Black "Henriksson, Johan"]
[Result "1-0"]
[WhiteTitle "FM"]
[BlackTitle "FM"]
[WhiteElo "2400"]
[BlackElo "2267"]
[WhiteFideId "4122186"]
[BlackFideId "1703560"]
[EventDate "2014.12.27"]

1. Nf3 d5 2. g3 Nf6 3. Bg2 c6 4. O-O Bf5 5. d3 e6 6. Nbd2 h6 7. Qe1 Be7 8. e4
Bh7 9. Qe2 O-O 10. Re1 c5 11. e5 Nfd7 12. Nf1 Nc6 13. h4 Nd4 14. Nxd4 cxd4 15.
Qg4 Bf5 16. Qxd4 f6 17. exf6 Bc5 18. Qf4 Rxf6 19. d4 e5 20. dxe5 Rf8 21. Bxd5+
Kh8 22. Be3 Bd3 23. Bf7 g5 24. hxg5 hxg5 25. Qf3 Nxe5 26. Qh5+ Kg7 27. Bxc5 Rh8
28. Rxe5 Rxh5 29. Bxh5 Bxf1 30. Rxf1 Qd2 31. Rd1 Qxc2 32. Rxg5+ Kf6 33. Rdd5 1-0

[Event "44th Rilton Cup 2014-15"]
[Site "Stockholm SWE"]
[Date "2015.01.03"]
[Round "7.23"]
[White "Bellon Lopez, Juan Manuel"]
[Black "Thingstad, Even"]
[Result "1-0"]
[WhiteTitle "GM"]
[WhiteElo "2381"]
[BlackElo "2243"]
[WhiteFideId "2200031"]
[BlackFideId "1506439"]
[EventDate "2014.12.27"]

1. d4 d5 2. Bf4 Nf6 3. e3 c5 4. dxc5 Qa5+ 5. Nc3 Qxc5 6. Nb5 Na6 7. c3 e6 8. Nf3
Be7 9. Be5 Qb6 10. a4 O-O 11. Bd3 Ne8 12. b4 Bf6 13. O-O Bxe5 14. Nxe5 Nd6 15.
Qh5 g6 16. Qh6 Nxb5 17. axb5 Nb8 18. h4 Nd7 19. Nf3 Rd8 20. h5 Nf8 21. Ne5 Qc7
22. Qg5 h6 23. Qf6 Nh7 24. Qf4 f6 25. hxg6 Qxe5 26. gxh7+ Kg7 27. Qxe5 fxe5 28.
f3 Bd7 29. Ra3 Be8 30. Rfa1 Bg6 31. Bxg6 Kxg6 32. Rxa7 Rab8 33. Kf2 Rh8 34. b6
Rxh7 35. R1a5 Rd7 36. c4 dxc4 37. Rxe5 Rd6 38. Rc5 Rxb6 39. Rxc4 Ra6 40. Rxa6
bxa6 41. f4 Rb5 42. g4 a5 43. bxa5 Rxa5 44. Rc6 Kf7 45. Kf3 Rb5 46. Ra6 Ke7 47.
Ra7+ Kf6 48. Ra3 Rb6 49. Ra5 Rc6 50. Rh5 Kg6 51. Ke4 Rc3 52. Rh3 Rc5 53. f5+ Kg7
54. fxe6 Rg5 55. Rh4 Ra5 56. e7 Ra4+ 57. Kf3 Ra8 58. Rh5 Kg6 59. Re5 Kf7 60.
e8=Q+ 1-0

[Event "44th Rilton Cup 2014-15"]
[Site "Stockholm SWE"]
[Date "2015.01.03"]
[Round "7.24"]
[White "Furhoff, Johan"]
[Black "Nielsen, Hogni Egilstoft"]
[Result "0-1"]
[WhiteTitle "IM"]
[WhiteElo "2321"]
[BlackElo "2226"]
[WhiteFideId "1701797"]
[BlackFideId "7200404"]
[EventDate "2014.12.27"]

1. e4 e5 2. f4 exf4 3. Nf3 Ne7 4. d4 d5 5. Nc3 dxe4 6. Nxe4 Nd5 7. Bc4 Be7 8.
O-O Be6 9. Ne5 Nd7 10. Bxf4 Nxe5 11. Bxe5 f6 12. Bg3 Ne3 13. Bxe6 Nxd1 14. Raxd1
c6 15. Rfe1 g6 16. Bb3 Qa5 17. Nc5 h5 18. Nxb7 Qb6 19. Nd6+ Kf8 20. Nc4 Qb5 21.
a4 Qg5 22. Re4 Rd8 23. Rde1 Rh7 24. Bf4 Qf5 25. h4 c5 26. d5 Rxd5 27. c3 Qd7 28.
Ne3 Rd2 29. Nc4 Rd3 30. Bc2 Rd5 31. Re6 Kg8 32. Bxg6 Rg7 33. Bc2 Bf8 34. Re8 Qg4
35. Be4 Rd1 36. Rxd1 Qxd1+ 37. Kf2 Re7 38. Rxe7 Bxe7 39. Ne3 Qd2+ 40. Kf3 Qxb2
41. Nf5 Qxc3+ 42. Be3 Bf8 43. g4 hxg4+ 44. Kxg4 Qb4 45. Kf3 Qxa4 46. Bd5+ Kh7
47. Be4 Kh8 48. Bf2 a5 49. Ne3 Qb3 50. Kg4 Qb2 0-1

[Event "44th Rilton Cup 2014-15"]
[Site "Stockholm SWE"]
[Date "2015.01.03"]
[Round "7.25"]
[White "Rydstrom, Tom"]
[Black "Percivaldi, Martin"]
[Result "0-1"]
[BlackTitle "FM"]
[WhiteElo "2243"]
[BlackElo "2319"]
[WhiteFideId "1714830"]
[BlackFideId "1508148"]
[EventDate "2014.12.27"]

1. e4 e6 2. d4 d5 3. Nc3 Bb4 4. e5 c5 5. a3 Bxc3+ 6. bxc3 Qa5 7. Bd2 Qa4 8. Qg4
Kf8 9. Qd1 b6 10. c4 Ne7 11. c3 Qxd1+ 12. Rxd1 cxd4 13. cxd4 Ba6 14. Rc1 Ke8 15.
Nf3 h6 16. Bb4 Nbc6 17. Bxe7 Nxe7 18. c5 Bxf1 19. Rxf1 Kd7 20. Kd2 Rhc8 21. Kd3
bxc5 22. dxc5 Rab8 23. Rc3 Rb5 24. Rfc1 Nc6 25. Ke3 Rb2 26. R1c2 Rcb8 27. Rxb2
Rxb2 28. h4 Na5 29. g4 Nc4+ 30. Kf4 Rxf2 31. Kg3 Rb2 32. g5 hxg5 33. Nxg5 Nxe5
34. c6+ Nxc6 35. Nxf7 d4 36. Rd3 e5 37. Nxe5+ Nxe5 38. Rxd4+ Ke6 39. Ra4 Rb7 40.
Kf4 Nd7 41. Kg5 Kf7 42. Ra6 Nc5 43. Ra5 Rc7 44. Kf5 Nd7 45. Ra6 Nb6 46. Ke5 Nc8
47. Kf5 Rc5+ 48. Kf4 Rd5 49. Kg4 Rd6 50. Ra5 a6 51. Kf5 Ne7+ 52. Kg4 Kf6 53. Ra4
Nf5 54. Ra5 Nd4 55. Kf4 Nb5 56. Kg4 Nc7 57. Kf4 Rd5 58. Ra4 a5 59. Ke4 Re5+ 60.
Kf4 Ne6+ 61. Kg4 g6 62. Rc4 Rd5 63. Rc3 Rd4+ 64. Kg3 Ra4 65. Rf3+ Kg7 66. Rd3
Kh6 0-1

[Event "44th Rilton Cup 2014-15"]
[Site "Stockholm SWE"]
[Date "2015.01.03"]
[Round "7.26"]
[White "Nielsen, Rogvi Egilstoft"]
[Black "Adler, Bo"]
[Result "1-0"]
[WhiteElo "2284"]
[BlackElo "2210"]
[WhiteFideId "7200447"]
[BlackFideId "1702149"]
[EventDate "2014.12.27"]

1. e4 e5 2. Nf3 Nc6 3. Bc4 Nf6 4. d3 Be7 5. c3 O-O 6. Bb3 d5 7. Qe2 Be6 8. O-O
Qd7 9. Rd1 Bg4 10. h3 Bh5 11. Bg5 Bxf3 12. Qxf3 dxe4 13. dxe4 Qe8 14. Nd2 Nd7
15. Be3 Nc5 16. Nf1 Nxb3 17. axb3 Qc8 18. Ng3 g6 19. Nf1 Qe6 20. Rd5 Kg7 21. Nd2
a5 22. Nc4 b6 23. Nxe5 Nxe5 24. Rxe5 Qxe5 25. Bd4 f6 26. Bxe5 fxe5 27. Qg3 Bd6
28. Kf1 Rf4 29. Qd3 Raf8 30. f3 g5 31. Ke2 h5 32. Qb5 R8f7 33. Qe8 R4f6 34. Rd1
Rg6 35. Rf1 Rf8 36. Qb5 Rgf6 37. Rd1 R8f7 38. Qe8 Rg6 39. c4 Re7 40. Qc8 Rf7 41.
Qe8 Re7 42. Qa8 Rf7 43. Qd5 Rgf6 44. Rh1 Re7 45. Qd1 Bc5 46. Qd8 Rf8 47. Qd2 Rf6
48. g3 g4 49. Qg5+ Rg6 50. Qxh5 gxf3+ 51. Qxf3 Rf7 52. Qh5 Rf2+ 53. Ke1 Bd4 54.
Rf1 Rxf1+ 55. Kxf1 Rxg3 56. h4 Rxb3 57. Qg4+ Kf6 58. h5 Rxb2 59. h6 Rb1+ 60. Ke2
Rg1 61. Qh4+ 1-0

[Event "44th Rilton Cup 2014-15"]
[Site "Stockholm SWE"]
[Date "2015.01.03"]
[Round "7.27"]
[White "Ertan, Can"]
[Black "Couso, Luis"]
[Result "0-1"]
[WhiteTitle "FM"]
[BlackTitle "FM"]
[WhiteElo "2224"]
[BlackElo "2328"]
[WhiteFideId "6306330"]
[BlackFideId "1702920"]
[EventDate "2014.12.27"]

1. e4 c5 2. Nf3 d6 3. c3 Nf6 4. Qc2 Qc7 5. Bc4 Nbd7 6. O-O e6 7. Re1 Be7 8. Na3
a6 9. d4 b5 10. Bd3 cxd4 11. cxd4 Qxc2 12. Nxc2 Bb7 13. a4 b4 14. a5 O-O 15. Ra4
Rfc8 16. Bg5 b3 17. Ne3 h6 18. Bxf6 Nxf6 19. d5 Nd7 20. Rb4 Nc5 21. Bc4 Bd8 22.
Ra1 exd5 23. Bxd5 Bxd5 24. Nxd5 Rcb8 25. Rc4 Rb5 26. Nd4 Rxa5 27. Rxa5 Bxa5 28.
Nc6 Bd8 29. e5 Nd3 30. exd6 Nxb2 31. Re4 Kh7 32. d7 a5 33. Re8 Na4 34. Re3 Nc5
35. Nc3 a4 36. g3 a3 37. Re1 a2 0-1

[Event "44th Rilton Cup 2014-15"]
[Site "Stockholm SWE"]
[Date "2015.01.03"]
[Round "7.28"]
[White "Larsson, Anders"]
[Black "Merkesvik, Sondre"]
[Result "1/2-1/2"]
[WhiteElo "2304"]
[BlackElo "2218"]
[WhiteFideId "1712128"]
[BlackFideId "1514350"]
[EventDate "2014.12.27"]

1. d4 Nf6 2. Nf3 g6 3. Bg5 Bg7 4. Nbd2 d5 5. e3 O-O 6. c3 Nbd7 7. h3 Re8 8. Bf4
c5 9. Be2 b6 10. O-O Bb7 11. a4 Ne4 12. a5 Qc8 13. Qb3 Nxd2 14. Nxd2 e6 15. Nf3
c4 16. Qc2 b5 17. Rfe1 a6 18. Nd2 f6 19. Bg3 e5 20. Nf3 e4 21. Nd2 f5 22. b3 Nf6
23. Be5 Qe6 24. f4 exf3 25. Bxf3 Bc6 26. b4 Bf8 27. Nf1 Bd6 28. Bxd6 Qxd6 29.
Qf2 Ra7 30. Qg3 Qe6 31. Rad1 Kg7 32. Nh2 Rf7 33. Nf1 Nd7 34. Qf2 Qe7 35. Ng3 Nf6
36. Nf1 Nd7 1/2-1/2

[Event "44th Rilton Cup 2014-15"]
[Site "Stockholm SWE"]
[Date "2015.01.03"]
[Round "7.29"]
[White "Thompson, Ian D"]
[Black "Gagarin, Vasilij"]
[Result "0-1"]
[WhiteTitle "FM"]
[BlackTitle "IM"]
[WhiteElo "2195"]
[BlackElo "2289"]
[WhiteFideId "405205"]
[BlackFideId "4103610"]
[EventDate "2014.12.27"]

1. c4 e5 2. g3 d6 3. Bg2 g6 4. Nc3 Bg7 5. e3 f5 6. Nge2 Nf6 7. d3 O-O 8. O-O c6
9. f4 Be6 10. b3 Bf7 11. Rb1 Re8 12. h3 Nbd7 13. e4 fxe4 14. dxe4 exf4 15. gxf4
Nc5 16. Ng3 a5 17. Bb2 a4 18. e5 dxe5 19. fxe5 Nfd7 20. b4 a3 21. Ba1 Ne6 22.
Nce4 Nxe5 23. Nd6 Re7 24. c5 Nc7 25. Nxf7 Qxd1 26. Rbxd1 Nxf7 27. Bxg7 Kxg7 28.
Ne4 Nb5 29. Rd3 Ne5 30. Re3 Nc4 31. Rd3 Rae8 32. Nc3 Ne3 33. Nxb5 Nxf1 34. Nd6
Rf8 35. Be4 Rf4 36. b5 h5 37. b6 h4 38. Bxc6 bxc6 39. b7 Re1 40. Kg2 Re2+ 41.
Kg1 Rb2 42. Rxa3 Ng3 0-1

[Event "44th Rilton Cup 2014-15"]
[Site "Stockholm SWE"]
[Date "2015.01.03"]
[Round "7.30"]
[White "Haug, Johannes"]
[Black "Kvisvik, Brede"]
[Result "1/2-1/2"]
[BlackTitle "FM"]
[WhiteElo "2121"]
[BlackElo "2275"]
[WhiteFideId "1509268"]
[BlackFideId "1502999"]
[EventDate "2014.12.27"]

1. e4 e6 2. d4 d5 3. e5 c5 4. c3 Nc6 5. Nf3 Bd7 6. Be2 a6 7. O-O Rc8 8. b3 cxd4
9. cxd4 Nge7 10. Ba3 Nf5 11. Bxf8 Kxf8 12. Qd2 Qb6 13. Rd1 Qb4 14. Qb2 h5 15.
Na3 g6 16. Nc2 Qb6 17. Ne3 Nxe3 18. fxe3 Nb4 19. Rac1 Kg7 20. a3 Nc6 21. Rc3 Ne7
22. Rdc1 Bb5 23. Bxb5 Qxb5 24. Rxc8 Rxc8 25. Rxc8 Nxc8 26. Qc2 Ne7 27. Qc7 Nf5
28. Ng5 Qe2 29. Qxf7+ Kh6 30. Qf8+ Kxg5 31. Qf6+ Kh6 32. Qh8+ Kg5 33. Qf6+ 1/2-1/2

[Event "44th Rilton Cup 2014-15"]
[Site "Stockholm SWE"]
[Date "2015.01.03"]
[Round "7.31"]
[White "Bergstrom, Rolf"]
[Black "Szente Varga, Fruzsina"]
[Result "1/2-1/2"]
[WhiteTitle "FM"]
[WhiteElo "2262"]
[BlackElo "2202"]
[WhiteFideId "1702386"]
[BlackFideId "712264"]
[EventDate "2014.12.27"]

1. b3 e5 2. Bb2 Nc6 3. e3 Nf6 4. Bb5 Bd6 5. Bxc6 dxc6 6. d3 O-O 7. e4 Ng4 8. Nf3
f5 9. Nbd2 Qe7 10. Qe2 f4 11. h3 Nh6 12. Nc4 Nf7 13. O-O-O c5 14. a4 a5 15. Qd2
b5 16. axb5 a4 17. bxa4 Rxa4 18. Qc3 Re8 19. Kd2 Bd7 20. Ra1 Rxa1 21. Rxa1 Bxb5
22. Qb3 Bxc4 23. Qxc4 Kh8 24. Qd5 h6 25. Ke2 Ng5 26. Nh4 Qf6 27. Ra8 Rxa8 28.
Qxa8+ Kh7 29. Qc8 Ne6 30. Nf3 Nd4+ 31. Bxd4 cxd4 32. Qe8 Qg6 33. Qxg6+ Kxg6 1/2-1/2

[Event "44th Rilton Cup 2014-15"]
[Site "Stockholm SWE"]
[Date "2015.01.03"]
[Round "7.32"]
[White "Tomov, Georgi"]
[Black "Mikalsen, Erlend"]
[Result "1/2-1/2"]
[WhiteTitle "FM"]
[WhiteElo "2257"]
[BlackElo "2164"]
[WhiteFideId "2908964"]
[BlackFideId "1507338"]
[EventDate "2014.12.27"]

1. d4 Nf6 2. c4 e6 3. Nc3 Bb4 4. Qc2 O-O 5. a3 Bxc3+ 6. Qxc3 b6 7. Bg5 Bb7 8. f3
h6 9. Bh4 d5 10. cxd5 exd5 11. e3 Re8 12. Nh3 c5 13. Bb5 Bc6 14. Be2 Ne4 15.
Bxd8 Nxc3 16. bxc3 Rxd8 17. Nf4 c4 18. h4 b5 19. g4 g6 20. e4 dxe4 21. d5 exf3
22. dxc6 Re8 23. Kf2 fxe2 24. Nd5 e1=Q+ 25. Rhxe1 Rxe1 26. c7 Re8 27. Nf6+ Kf8
28. Nxe8 Na6 29. Re1 Rc8 30. Nd6 Rxc7 31. Re8+ Kg7 32. Nxb5 Rd7 33. Re4 Rd5 34.
Nxa7 Rd2+ 35. Kf3 Rd3+ 36. Re3 Rd7 37. Nc6 Nc5 38. Ne5 Ra7 39. Nxc4 Ra4 40. Nd6
Rxa3 41. c4 Ra6 42. Ne4 Ne6 43. Rd3 Rc6 44. Nd6 Kf6 45. Ne4+ Kg7 46. Nd2 f5 47.
Rd7+ Kf6 48. Rh7 Rd6 49. gxf5 Kxf5 50. Rf7+ Ke5 51. Ke3 Nd4 52. Re7+ Kf6 53.
Ne4+ Kxe7 54. Nxd6 Nc2+ 55. Kd2 Na3 56. c5 Kd7 57. Kd3 Kc6 58. Nf7 Kxc5 59. Nxh6
Kd5 60. Ng4 Nb5 1/2-1/2

[Event "44th Rilton Cup 2014-15"]
[Site "Stockholm SWE"]
[Date "2015.01.03"]
[Round "7.33"]
[White "Sarandos, Vasilios"]
[Black "Svorono, Gabriel"]
[Result "1-0"]
[WhiteElo "2245"]
[BlackElo "1884"]
[WhiteFideId "4203542"]
[BlackFideId "1715623"]
[EventDate "2014.12.27"]

1. d4 Nf6 2. c4 e6 3. g3 d5 4. Nf3 Be7 5. Bg2 O-O 6. O-O b6 7. cxd5 exd5 8. Nc3
Bb7 9. Bf4 Nbd7 10. Rc1 c5 11. dxc5 bxc5 12. Ne5 Nb6 13. Na4 Rc8 14. Bh3 Nbd7
15. Qb3 Ba8 16. Qb5 Rb8 17. Qa6 Rb7 18. Nc6 Qe8 19. Nxe7+ 1-0

[Event "44th Rilton Cup 2014-15"]
[Site "Stockholm SWE"]
[Date "2015.01.03"]
[Round "7.34"]
[White "Ask, Josef"]
[Black "Dragicevic, Drazen"]
[Result "0-1"]
[BlackTitle "FM"]
[WhiteElo "2181"]
[BlackElo "2289"]
[WhiteFideId "1704583"]
[BlackFideId "1707922"]
[EventDate "2014.12.27"]

1. e4 c5 2. d3 Nc6 3. f4 g6 4. Nf3 Bg7 5. Be2 e6 6. c3 Nge7 7. Be3 d6 8. d4 d5
9. e5 c4 10. b3 b5 11. a4 Na5 12. Nbd2 Qc7 13. b4 Nac6 14. axb5 Nd8 15. Qa4 Bd7
16. Qa6 Nc8 17. O-O Qb6 18. Bf2 Bxb5 19. Qxb6 Nxb6 20. Ra5 a6 21. Rfa1 Nc6 22.
R5a3 Bh6 23. g3 Ra7 24. Ng5 O-O 25. Ndf3 Rfa8 26. Nd2 Bf8 27. Rb1 a5 28. bxa5
Bxa3 29. axb6 Ra5 30. Kg2 h6 31. Ngf3 Rb8 32. Be3 Bf8 33. g4 Ba6 34. f5 Rb5 35.
Ra1 R8xb6 36. fxe6 fxe6 37. Bxc4 dxc4 38. d5 exd5 39. Bxb6 Rxb6 40. Nf1 Bc8 41.
Ne3 Be6 42. Ra8 Kf7 43. Kg3 Bg7 44. g5 h5 45. Kf4 Bf8 46. Nc2 Bc5 47. Rh8 Bf8
48. Ne3 Kg7 49. Rh6 Ne7 50. Nd4 Kg8 0-1

[Event "44th Rilton Cup 2014-15"]
[Site "Stockholm SWE"]
[Date "2015.01.03"]
[Round "7.35"]
[White "Cafaro, Luca"]
[Black "Wikner, Arvid"]
[Result "0-1"]
[WhiteElo "2054"]
[BlackElo "2281"]
[WhiteFideId "859818"]
[BlackFideId "1702262"]
[EventDate "2014.12.27"]

1. e4 e5 2. Nf3 Nc6 3. Bc4 Bc5 4. O-O Nf6 5. d4 Bxd4 6. Nxd4 Nxd4 7. f4 d6 8.
fxe5 dxe5 9. Bg5 Qe7 10. Bxf6 gxf6 11. c3 Ne6 12. b4 Rg8 13. Kh1 Bd7 14. Qd2 Nf4
15. g3 O-O-O 16. Qe3 Bc6 17. b5 Qc5 18. Qf3 Qxc4 19. Na3 Bxe4 20. Nxc4 Bxf3+ 21.
Rxf3 Rd3 22. Rxd3 Nxd3 23. Rf1 Rg6 24. Ne3 c6 25. bxc6 bxc6 26. Nf5 Kd7 27. Rd1
e4 28. Kg2 Ke6 29. Nd4+ Kd5 30. Rb1 c5 31. Nf5 Rg5 32. Ne3+ Ke6 33. Rb8 f5 34.
Kf1 Rh5 35. Kg1 Ne5 36. h4 Nc6 37. Rb5 f4 38. gxf4 Rxh4 39. f5+ Kf6 40. Rxc5 Ne5
41. Ra5 Rh3 42. Kf2 Rf3+ 43. Ke2 Rxe3+ 0-1

[Event "44th Rilton Cup 2014-15"]
[Site "Stockholm SWE"]
[Date "2015.01.03"]
[Round "7.36"]
[White "Kassani, Sam"]
[Black "Engstrom, Kaj"]
[Result "1-0"]
[WhiteElo "2086"]
[BlackElo "2261"]
[WhiteFideId "1709089"]
[BlackFideId "1701134"]
[EventDate "2014.12.27"]

1. e4 c5 2. Nf3 e6 3. d4 cxd4 4. Nxd4 Bc5 5. Nb3 Bb6 6. Bd3 Qh4 7. Qe2 Nf6 8.
Be3 Bxe3 9. Qxe3 O-O 10. Nc3 d5 11. g3 Qh5 12. Be2 Qg6 13. e5 Ng4 14. Qf4 f5 15.
h3 Nh6 16. O-O-O Nf7 17. Qe3 b6 18. f4 Ba6 19. Rhg1 Bxe2 20. Nxe2 Nc6 21. Nbd4
Rac8 22. Rd3 Nfd8 23. g4 fxg4 24. hxg4 Nxd4 25. Nxd4 Qe4 26. f5 Nc6 27. Nxe6
Nxe5 28. Qxe4 dxe4 29. Re3 Rfe8 30. Rxe4 Nd3+ 31. Kb1 Nf2 32. Re2 Nh3 33. Rgg2
h6 34. b3 Kf7 35. Rd2 Re7 36. Kb2 Kf6 37. Rd6 Ke5 38. Rd3 Ng5 39. Nxg5 hxg5 40.
Re2+ Kf6 41. Rd6+ Kf7 42. Rxe7+ Kxe7 43. Rg6 Kf7 44. Rxg5 Re8 45. a4 Re4 46. Rg6
Rf4 47. Ka3 Rd4 48. b4 Rf4 49. Kb3 Rd4 50. c3 Rf4 51. a5 b5 52. Ra6 Rxg4 53.
Rxa7+ Kf6 54. Rb7 1-0

[Event "44th Rilton Cup 2014-15"]
[Site "Stockholm SWE"]
[Date "2015.01.03"]
[Round "7.37"]
[White "Johansson, Gunnar"]
[Black "Jonsson, Emil"]
[Result "1/2-1/2"]
[WhiteElo "2231"]
[BlackElo "2132"]
[WhiteFideId "1703501"]
[BlackFideId "1712268"]
[EventDate "2014.12.27"]

1. d4 f5 2. Nf3 g6 3. g3 Bg7 4. Bg2 Nf6 5. O-O O-O 6. b3 d5 7. c4 e6 8. Ba3 Re8
9. Nbd2 c6 10. Qc2 Nbd7 11. e3 Ne4 12. Rac1 Ndf6 13. Nxe4 Nxe4 14. Ne5 Bd7 15.
Bxe4 fxe4 16. f3 Bxe5 17. dxe5 Qg5 18. Qc3 exf3 19. Rxf3 b6 20. Bd6 c5 21. Rcf1
Bc6 22. Rf4 Qh5 23. Qd2 dxc4 24. bxc4 g5 25. Rf7 g4 26. Rc7 Bf3 27. Qd3 Rec8 28.
Re7 Re8 29. Rc7 Rec8 30. Re7 Re8 1/2-1/2